Sổ tay nuôi cá gia đình
Đã lưu trong:
| 主要作者: | |
|---|---|
| 格式: | 圖書 |
| 語言: | Undetermined |
| 出版: |
Hà Nội
Nông NGhiệp
2004
|
| 主題: | |
| 標簽: |
添加標簽
沒有標簽, 成為第一個標記此記錄!
|
| Thư viện lưu trữ: | Trung tâm Học liệu Trường Đại học Cần Thơ |
|---|
| LEADER | 00519nam a2200193Ia 4500 | ||
|---|---|---|---|
| 001 | CTU_74734 | ||
| 008 | 210402s9999 xx 000 0 und d | ||
| 020 | |b 9500 | ||
| 082 | |a 639.3 | ||
| 082 | |b Kh411 | ||
| 100 | |a Nguyễn, Duy Khoát | ||
| 245 | 0 | |a Sổ tay nuôi cá gia đình | |
| 245 | 0 | |c Nguyễn Duy Khoát | |
| 260 | |a Hà Nội | ||
| 260 | |b Nông NGhiệp | ||
| 260 | |c 2004 | ||
| 650 | |a Freshwater fishes | ||
| 904 | |i Năm | ||
| 980 | |a Trung tâm Học liệu Trường Đại học Cần Thơ | ||